000 00863cam a22001814a 4500
005 20250605164353.0
008 250528s ||||||||||||||||||||||||d
035 _a24180
040 _aGR-AtMCL
_bgre
_dGR-AtMCL
_eAACR2
245 1 _aEuropean Railway Review / Celebrating over 20 Years of Working Together in Rail
260 _bEuropean Railway Review,
_c2016
300 _a72
520 _aMore Safety and Less Accidents, From Road to Rail: A Pan-European Challenge, The Southern Line - The Future of Travelling and Transport, A New Railway for the Longest Rail Tunnel in the World, Construction Completed on the World's Longest Railway Tunnel, New Developments in on-Track Machines for Narrow Gauge Track, Etihad Rail: Pioneering UAE Railway Design and Innovation.
700 1 _aWaters Craig
_99421
942 _cCR
999 _c9075
_d9075